Statistics for Formula 1 Drivers of the 2010s

Click here to take the quiz!

General Stats

  • This quiz has been taken 184 times
  • The average score is 44 of 66

Answer Stats

YearsTeamsDriver% Correct
2010-2018Ferrari, McLarenFernando Alonso
99%
2010-2019Red Bull, FerrariSebastian Vettel
99%
2011-2019HRT, Toro Rosso, Red Bull, RenaultDaniel Ricciardo
97%
2010-2019McLaren, MercedesLewis Hamilton
97%
2010-2016MercedesNico Rosberg
96%
2013-2019Williams, MercedesValtteri Bottas
96%
2012-2019Lotus, Ferrari, Alfa RomeoKimi Räikkönen
95%
2019Toro Rosso, Red BullAlexander Albon
93%
2010-2017McLarenJenson Button
93%
2014-2019McLaren, Renault, HaasKevin Magnussen
93%
2017-2019Toro Rosso, Red BullPierre Gasly
93%
2012-2019Lotus, HaasRomain Grosjean
93%
2015-2019Toro Rosso, Red BullMax Verstappen
92%
2015-2019Toro Rosso, Renault, McLarenCarlos Sainz Jr.
91%
2018-2019Sauber, FerrariCharles Leclerc
91%
2010-2012MercedesMichael Schumacher
91%
2011-2019Sauber, McLaren, Force India, Racing PointSergio Pérez
91%
2017-2019Williams, Racing PointLance Stroll
90%
2019McLarenLando Norris
90%
2010, 2012-2019Williams, Force India, Sauber, RenaultNico Hülkenberg
89%
2010-2017Ferrari, WilliamsFelipe Massa
88%
2019WilliamsGeorge Russell
88%
2010, 2019Renault, WilliamsRobert Kubica
88%
2014-2017, 2019Toro Rosso, Red BullDaniil Kvyat
87%
2010-2013Red BullMark Webber
86%
2016-2018Manor, Force IndiaEsteban Ocon
81%
2017, 2019Sauber, Alfa RomeoAntonio Giovinazzi
78%
2013-2014MarrusiaJules Bianchi
75%
2014-2018Caterham, SauberMarcus Ericsson
74%
2016-2018McLarenStoffel Vandoorne
74%
2017-2018Toro RossoBrendon Hartley
70%
2018WilliamsSergey Sirotkin
68%
2010-2011WilliamsRubens Barrichello
64%
2010-2012Renault, CaterhamVitaly Petrov
64%
2013-2014, 2016Sauber, HaasEsteban Gutiérrez
63%
2011-2015Williams, LotusPastor Maldonado
61%
2010-2011Toro RossoSébastien Buemi
59%
2012-2014Toro RossoJean-Éric Vergne
58%
2011-2013, 2017Force India, WilliamsPaul di Resta
56%
2012-2013Lotus, Caterham, LotusHeikki Kovalainen
55%
2016-2017RenaultJolyon Palmer
55%
2010-2012, 2014Sauber, CaterhamKamui Kobayashi
55%
2016-2017Manor, SauberPascal Wehrlein
54%
2011-2012HRTNarain Karthikeyan
53%
2010-2011Sauber, RenaultNick Heidfeld
53%
2010-2011, 2013-2014Force India, SauberAdrian Sutil
51%
2013-2014MarussiaMax Chilton
51%
2010-2012HRT, Renault, WilliamsBruno Senna
50%
2015-2016SauberFelipe Nasr
49%
2012-2013Marussia, CaterhamCharles Pic
48%
2010-2011Toro RossoJaime Alguersuari
48%
2010-2011LotusJarno Trulli
48%
2010-2012Virgin, MarussiaTimo Glock
45%
2010-2012Sauber, HRTPedro de la Rosa
44%
2016ManorRio Haryanto
42%
2010-2011HRT, LotusKarun Chandhok
41%
2010-2011Force India, HRTVitantonio Liuzzi
40%
2013CaterhamGiedo van der Garde
35%
2014-2015Caterham, MarussiaWill Stevens
34%
2015MarussiaAlexander Rossi
32%
2010VirginLucas di Grassi
32%
2011-2012Virgin, LotusJérôme d'Ambrosio
31%
2015MarussiaRoberto Merhi
28%
2014CaterhamAndré Lotterer
26%
2010HRTChristian Klien
23%
2010HRTSakon Yamamoto
18%

Score Distribution

Percentile by Number Answered

Percent of People with Each Score

Your Score History

You have not taken this quiz